000 01548nam a2200385 i 4500
001 DIGDISANT0366
003 NyNyDIG
006 m o d
007 cr |||||||||||
008 240315s2011 sp a ob 000 0 spa d
035 _a(OCoLC)1428328657
040 _aDGITA
_beng
_erda
_epn
_cDGITA
020 _a9788499690599
_q(libro electrónico)
020 _z9788479788179
_q(libro en papel)
050 1 4 _aRM214 ebook
100 1 _aMorales Güeto, Juan,
_eauthor.
245 1 0 _aNutriterapia, salud y longevidad :
_b¿qué comer para vivir mejor? : principios básicos de la relación entre nutrición y salud /
_cJuan Morales Güeto.
264 1 _aMadrid, [España] :
_bDíaz de Santos,
_c2011.
300 _a1 online resource :
_billustrations.
336 _atext
_btxt
_2rdacontent
337 _acomputer
_bc
_2rdamedia
338 _aonline resource
_bcr
_2rdacarrier
347 _atext file
_2rdaft
347 _bPDF
504 _aIncludes bibliographical references.
588 0 _aOnline resource; title from PDF title page (Digitalia, viewed March 15, 2024)
650 0 _aDiet therapy.
650 0 _aAging
_xNutritional aspects.
776 0 8 _iPrint version:
_aMorales Güeto, Juan.
_tNutriterapia, salud y longevidad.
_dMadrid, [España] : Díaz de Santos, 2007
_z9788479788179
791 2 _aDigitalia (Firm),
_edistributor.
793 0 _gDigitalia eBook Collection:
_aDíaz de Santos
856 4 0 _3Digitalia Hispánica
_uhttps://www.digitaliapublishing.com/a/136334/
910 _aPremium collection: 2024
942 _cRAA
999 _c283917
_d283917